| 000 | 00626nam a2200193Ia 4500 | ||
|---|---|---|---|
| 008 | 190805s9999||||xx |||||||||||||| ||und|| | ||
| 020 |
_a9781292064390 _c£ 53.99 |
||
| 082 | 0 | 4 |
_a658.049 _bC6973 |
| 100 | 1 | _aCollinson, Simon | |
| 245 | 1 | 0 |
_aInternational Business / _cSimon Collinson, Rajneesh Narula and Alan M. Rugman |
| 250 | _a7th ed. | ||
| 260 |
_aHarlow (UK) : _bPearson, _c2017 |
||
| 300 |
_axxxvi, 755 p. _b : col. ill. _c; 26.5 cm. |
||
| 650 | 0 |
_aInternational business enterprises _xManagement _vTextbooks |
|
| 700 | 1 | _aNarula, Rajneesh | |
| 700 | 1 | _aRugman, Alan M. | |
| 942 | _cBK | ||
| 999 |
_c281 _d281 |
||